| 000 | 01802nam a2200421 c 4500 | ||
|---|---|---|---|
| 003 | BLK | ||
| 005 | 20200221093537.0 | ||
| 008 | 180408b bul|||||r ||||||| ||bul|| | ||
| 010 | _aKNG00090419000 | ||
| 020 |
_a978-954-8585-10-1 _bиздат.: МаК |
||
| 040 | _aBLK | ||
| 041 |
_aBUL _cBUL |
||
| 080 |
_aПолитика. Вж и 341 ; 342 _b32 _x(73)(092) _z32(73)(092) |
||
| 080 |
_a44-ти американски президент _b929 Обама, Барак _x _z929 Обама, Барак |
||
| 100 | 1 |
_aФредосо, Дейвид _eпърви автор _9134889 |
|
| 700 | 1 |
_aДъскарев, Огнян _eпрев. от англ. _9279129 |
|
| 139 |
_aФредосо, Дейвид _bО 11 |
||
| 245 | 1 | 0 |
_aНепознатият Барак Обама _cДейвид Фредосо; прев. от англ. Огнян Дъскарев. |
| 257 | _aBGR | ||
| 260 |
_аСофия _bМаК _c2009 |
||
| 300 | _a272 с. | ||
| 380 | _a3 | ||
| 500 | _aОриг. загл. The Case Against Barack Obama : The Unlikely Rise and Unexamined Agenda of the Media's Favorite Candidate / David Freddoso. - Офс. изд. - Съдържа и Обама : История в дати на един (кратък) политически живот. | ||
| 600 | 1 | 4 |
_aОбама, Барак _9104169 |
| 650 | 4 |
_aОбама, Барак _9104169 |
|
| 650 | 4 |
_aПрезиденти - САЩ _9247820 |
|
| 650 | 4 |
_aПолитици, американски - биографии _9267571 |
|
| 651 | 4 |
_aСАЩ _9179493 |
|
| 653 | _aБарак Обама | ||
| 653 | _aамерикански политици | ||
| 653 | _aпрезиденти | ||
| 653 | _aбиографии | ||
| 852 | _aЦб 244644 | ||
| 856 | 4 |
_qpdf _u |
|
| 856 | 4 |
_qpdf _u |
|
| 942 |
_cKNG _n0 _03 |
||
| 944 |
_aCR _c07.07.2009 _lф / _kЛюдмила_Стоянова |
||
| 944 |
_aED _c13.07.2009 _lф / _k |
||
| 999 |
_c85816 _d85816 |
||